000 00712nam a2200289Ia 4500
005 20260121125525.0
008 008 260114s9999 xx 000 0 eng d
020 _a9783484970960
037 _aEBOOK
040 _aCRL
040 _beng
040 _cCRL
041 _2eng
041 _aeng
084 _qCRL
100 _aHartwig, Susanne
_9994409
245 0 _aLa voz de los dramaturgos
260 _bWalter de Gruyter
260 _bWalter de Gruyter
260 _c2008
650 _aGermanic and Romanic Studies
_9994410
700 _a Portl, Klaus
_9994411
856 _uhttp://www.degruyter.com/isbn/9783484970960
942 _cEBOOK
999 _c1562623
_d1562623